| 000 | 00468nam a2200145 i 4500 | ||
|---|---|---|---|
| 001 | 41793 | ||
| 003 | ES-MaACL | ||
| 005 | 20230906160507.0 | ||
| 007 | t| | ||
| 008 | 030311s1889 cu ||||1| spa d | ||
| 100 | 1 |
_aCastaƱeda, Tiburcio. _936410 |
|
| 245 | 1 | 0 |
_aPrograma de las secciones de Derecho Natural _b: dadas en la Universidad de la Habana durante el curso 1888-89 / _cTiburcio CastaƱeda. |
| 260 |
_aHabana : _b[s.n., _c1889] |
||
| 852 |
_aES-MaACL _jT-1031-F-17 |
||
| 999 |
_c41793 _d41793 |
||